000 00290nam a22001097a 4500
008 170123b xxu||||| |||| 00| 0 eng d
020 _a9780826123138
041 _aeng
080 _a618.2
245 _aASSESSING AND MEASURING CARING IN NURSING AND HEALTH SCIENCE
_cWATSON. J
942 _2udc
_cBK
999 _c3369
_d3369